000 00443nam a2200157 i 4500
001 26039
003 ES-MaACL
005 20230906153357.0
007 t|
008 030107s1963 sp ||||1| spa d
100 1 _aArteche, José de.
_923442
245 1 0 _aLavigerie
_b: (El cardenal de Africa) /
_cJosé de Arteche.
260 _aZarauz :
_bIcharopena,
_c1963.
300 _a262 p., 8 lám. ;
_c22 cm.
852 _aES-MaACL
_jC-22902
_bR.51539
999 _c26039
_d26039